000 00225nam a22000857a 4500
008 160905b xxu||||| |||| 00| 0 eng d
100 _9300
_aMisra R.R
245 _aSecondary Chemistry-IX
260 _aNew Delhi
_bAPC publication
_c2010
999 _c2959
_d2959